000 00570nam a2200229Ia 4500
003 OSt
005 20220918200911.0
006 a|||||r|||| 00| 0
007 ta
008 220917b |||||||| |||| 00| 0 eng d
024 _a90,730
037 _cTextual
040 _aARTS
_cARTS
_beng
041 _2eng
_aeng
082 _aVv1:N7, L0-;1
100 _aElton G R
_919249
245 0 _aPolitical history
_b Principles and practice
260 _c1970
650 _aHISTORY
942 _hVv1:N7, L0-;1
_cTEXL
_2CC
999 _c214391
_d214391